|
|
|
|
| LEADER |
00814nab a2200217 i 4500 |
| 001 |
univ15660 |
| 005 |
20240605084747.0 |
| 008 |
240605s1985 hu o 000 hun d |
| 022 |
|
|
|a 0230-791X
|
| 040 |
|
|
|a SZTE UnivHistória Repozitórium
|b hun
|
| 041 |
|
|
|a hun
|
| 100 |
1 |
|
|a Takács József
|
| 245 |
1 |
0 |
|a Bemutatjuk a 8.15-ös csoportot
|h [elektronikus dokumentum] :
|b színházi alkotóközösség ; "Minden rémsége ellenére volt benne némi báj" ; "A némi báj" /
|c Takács József
|
| 260 |
|
|
|c 1985
|
| 300 |
|
|
|a 6
|
| 490 |
0 |
|
|a Szegedi Egyetem
|v 23 No. 6
|
| 561 |
|
|
|a Egyetemi, hallgatói élet
|
| 695 |
|
|
|a JATE 8.15-ös csoport, Színjátszás - egyetemi
|
| 700 |
0 |
1 |
|a Ruszkai Károly
|
| 700 |
0 |
1 |
|a Belányi György
|e aut
|
| 856 |
4 |
0 |
|u http://univ.bibl.u-szeged.hu/15660/1/sze_1985_006_6.pdf
|z Dokumentum-elérés
|